<?xml version="1.0" encoding="UTF-8"?>
<record
    xmlns:xsi="http://www.w3.org/2001/XMLSchema-instance"
    xsi:schemaLocation="http://www.loc.gov/MARC21/slim http://www.loc.gov/standards/marcxml/schema/MARC21slim.xsd"
    xmlns="http://www.loc.gov/MARC21/slim">

  <leader>01472cam a2200301 a 4500</leader>
  <controlfield tag="001">000014268</controlfield>
  <controlfield tag="005">20200929163541.0</controlfield>
  <controlfield tag="008">820308s1980    cr a     b    100 0bspa  </controlfield>
  <datafield tag="035" ind1=" " ind2=" ">
    <subfield code="a">(DLC) 80143400</subfield>
  </datafield>
  <datafield tag="040" ind1=" " ind2=" ">
    <subfield code="a">DO-SdBNP</subfield>
    <subfield code="b">spa</subfield>
    <subfield code="c">DLC</subfield>
    <subfield code="d">DLC</subfield>
    <subfield code="d">BNPHU</subfield>
  </datafield>
  <datafield tag="082" ind1=" " ind2=" ">
    <subfield code="a">972.8/02</subfield>
    <subfield code="b">M533q</subfield>
  </datafield>
  <datafield tag="111" ind1="1" ind2=" ">
    <subfield code="a">Memoria del congreso sobre el Mundo Centroamericano de Su Tiempo</subfield>
    <subfield code="d">(24 - 25 - 26 - y 27 de Agosto, 1978 :</subfield>
    <subfield code="c">Nicoya, Costa Rica)</subfield>
    <subfield code="9">32214</subfield>
  </datafield>
  <datafield tag="245" ind1="1" ind2="0">
    <subfield code="a">Vo. centenario de Gonzalo Fern&#xE1;ndez de Oviedo :</subfield>
    <subfield code="b">memoria del Congreso sobre el Mundo Centroamericano de Su Tiempo, 24-25-26 y 27 de agosto, 1978.</subfield>
  </datafield>
  <datafield tag="246" ind1="3" ind2=" ">
    <subfield code="a">Quinto centenario de Gonzalo Fern&#xE1;ndez de Oviedo</subfield>
  </datafield>
  <datafield tag="246" ind1="3" ind2=" ">
    <subfield code="a">5 centenario de Gonzalo Fern&#xE1;ndez de Oviedo</subfield>
  </datafield>
  <datafield tag="260" ind1=" " ind2=" ">
    <subfield code="a">Nicoya :</subfield>
    <subfield code="b">Comisi&#xF3;n Nacional Organizadora :</subfield>
    <subfield code="b">Academia de Geograf&#xED;a e Historia,</subfield>
    <subfield code="c">[1980].</subfield>
  </datafield>
  <datafield tag="300" ind1=" " ind2=" ">
    <subfield code="a">487 p. :</subfield>
    <subfield code="b">il. ;</subfield>
    <subfield code="c">26 cm.</subfield>
  </datafield>
  <datafield tag="504" ind1=" " ind2=" ">
    <subfield code="a">Incluye bibliograf&#xED;as: p. 459-460.</subfield>
  </datafield>
  <datafield tag="600" ind1="1" ind2="0">
    <subfield code="a">Fern&#xE1;ndez de Oviedo y Vald&#xE9;s, Gonzalo,</subfield>
    <subfield code="d">1478-1557</subfield>
    <subfield code="x">Congresses.</subfield>
    <subfield code="9">32215</subfield>
  </datafield>
  <datafield tag="650" ind1=" " ind2="0">
    <subfield code="a">Indians of central america</subfield>
    <subfield code="x">Congresses.</subfield>
    <subfield code="9">32216</subfield>
  </datafield>
  <datafield tag="651" ind1=" " ind2="0">
    <subfield code="a">America</subfield>
    <subfield code="x">Discovery And Exploration</subfield>
    <subfield code="x">Spanish</subfield>
    <subfield code="x">Congresses.</subfield>
    <subfield code="9">32217</subfield>
  </datafield>
  <datafield tag="651" ind1=" " ind2="0">
    <subfield code="a">Central America</subfield>
    <subfield code="x">History</subfield>
    <subfield code="y">To 1821</subfield>
    <subfield code="x">Congresses.</subfield>
    <subfield code="9">32218</subfield>
  </datafield>
  <datafield tag="650" ind1=" " ind2="0">
    <subfield code="a">Explorers</subfield>
    <subfield code="z">Spain</subfield>
    <subfield code="x">Biography</subfield>
    <subfield code="x">Congresses.</subfield>
    <subfield code="9">32219</subfield>
  </datafield>
  <datafield tag="650" ind1=" " ind2="0">
    <subfield code="a">Explorers</subfield>
    <subfield code="z">America</subfield>
    <subfield code="x">Biography</subfield>
    <subfield code="x">Congresses.</subfield>
    <subfield code="9">32220</subfield>
  </datafield>
  <datafield tag="700" ind1="1" ind2=" ">
    <subfield code="a">Fern&#xE1;ndez de Oviedo y Vald&#xE9;s, Gonzalo,</subfield>
    <subfield code="d">1478-1557.</subfield>
    <subfield code="9">32221</subfield>
  </datafield>
  <datafield tag="910" ind1=" " ind2=" ">
    <subfield code="a">Catalogaci&#xF3;n derivada</subfield>
  </datafield>
  <datafield tag="049" ind1=" " ind2=" ">
    <subfield code="a">BNGR</subfield>
  </datafield>
  <datafield tag="952" ind1=" " ind2=" ">
    <subfield code="0">0</subfield>
    <subfield code="1">0</subfield>
    <subfield code="5">4</subfield>
    <subfield code="7">0</subfield>
    <subfield code="8">MO</subfield>
    <subfield code="a">GR</subfield>
    <subfield code="b">GR</subfield>
    <subfield code="c">CT</subfield>
    <subfield code="d">2009-12-08</subfield>
    <subfield code="i">LF1</subfield>
    <subfield code="l">0</subfield>
    <subfield code="o">972.8/02 M533q</subfield>
    <subfield code="p">14268-10</subfield>
    <subfield code="r">2020-06-25</subfield>
    <subfield code="w">2020-06-25</subfield>
    <subfield code="y">4</subfield>
    <subfield code="Z">Pr&#xE9;stamo en sala</subfield>
  </datafield>
  <datafield tag="999" ind1=" " ind2=" ">
    <subfield code="c">13864</subfield>
    <subfield code="d">13864</subfield>
  </datafield>
</record>
